000 00781nam a2200241 i 4500
001 14891
003 ES-MaACL
005 20230906150928.0
007 t|
008 990701s1999 sp ||||1| spa d
020 _a84-7733-506-0
080 _a821.134.2-1 Gil de Biedma, Jaime.07
100 1 _aArmisén, Antonio.
_922989
245 1 0 _aJugar y leer
_b: el verbo hecho tango de Jaime Gil de Biedma /
_cAntonio Armisén.
250 _a1ª ed.
260 _aZaragoza :
_bPrensas Universitarias de Zaragoza,
_c1999.
300 _a222 p. :
_bil. ;
_c22 cm.
490 1 _aHumanidades ;
_v35
600 1 4 _aGil de Biedma, Jaime-
_xCrítica e interpretación.
_956790
830 0 _aHumanidades ;
_v35
_9179694
852 _aES-MaACL
_jL-22062
_bR.127433
999 _c14891
_d14891